MAASAI MARA UNIVERSITY

LIBRARY CATALOGUE

Contact Us: +254 020 2685356/7 or 0774 057787

Box: 861-20500, NAROK, KENYA

Email: info@mmarau.ac.ke

_ASP.NET 2.0 Web Parts In Action (Record no. 12506)

MARC details
000 -LEADER
fixed length control field 00448nam a2200157Ia 4500
008 - FIXED-LENGTH DATA ELEMENTS--GENERAL INFORMATION
fixed length control field 151021s9999 xx 000 0 und d
020 ## - INTERNATIONAL STANDARD BOOK NUMBER
International Standard Book Number 193239477
050 ## - LIBRARY OF CONGRESS CALL NUMBER
Classification number TK 5705.8885.A26 N 45 2007
245 ## - TITLE STATEMENT
Title _ASP.NET 2.0 Web Parts In Action
260 ## - PUBLICATION, DISTRIBUTION, ETC. (IMPRINT)
Place of publication, distribution, etc. U.S.A manning Publishers 2007
300 ## - PHYSICAL DESCRIPTION
Extent xx,324p,;ill
500 ## - GENERAL NOTE
General note includes index
500 ## - GENERAL NOTE
General note includes index
650 ## - SUBJECT ADDED ENTRY--TOPICAL TERM
Topical term or geographic name as entry element _Portal Frame work
980 ## - EQUIVALENCE OR CROSS-REFERENCE-SERIES STATEMENT--PERSONAL NAME/TITLE [LOCAL, CANADA]
Personal name ^d20120827 01:01:55^okorir

No items available.

© 2016 Maasai Mara University.